Normal view
MARC view
- Hashmi, Namra
Entry Personal Name
001 - CONTROL NUMBER
- control field: 132211
003 - CONTROL NUMBER IDENTIFIER
- control field: NUST
005 - DATE AND TIME OF LATEST TRANSACTION
- control field: 20251209100855.0
008 - FIXED-LENGTH DATA ELEMENTS
- fixed length control field: 251209|| aca||aabn | a|a d
040 ## - CATALOGING SOURCE
- Original cataloging agency: NUST
- Transcribing agency: NUST
100 ## - HEADING--PERSONAL NAME
- Personal name: Hashmi, Namra
670 ## - SOURCE DATA FOUND
- Source citation: Work cat.: (NUST): Hashmi, Namra, Exploring the Efficacy of Machine Translation for Literary Text: A Case Study of Urdu-to-English Translation/
